000 00484nam a2200169 i 4500
001 101113
003 ES-MaACL
005 20250829062539.0
007 t|
008 051013s1933 fr ||||1| fre d
100 1 _aMaurois, André,
_d1885-1967
_979267
245 1 4 _aLes discours du docteur O'Grady /
_cAndré Maurois, [seud.] de Emile Herzog.
260 _aParis :
_bBernard Grasset,
_c1933.
300 _a260 p. ;
_c20 cm.
852 _aES-MaACL
_jA-2229
999 _c101113
_d101113